How to Train Your Dragon Characters Quiz Stats

 Plays Quiz not verified by Sporcle

Score 0/18 Timer 10:00
0 Plays Today
Characteristics Characters % Correct
Hiccup's dragonToothless
97.6%
the 'Dragon Whisperer'Hiccup
92.5%
Hiccup's datherStoick the Vast
56.6%
Hiccup's friendFishlegs
51.5%
Daughter of Big-Boobied-BerthaCamicazi
26.5%
Camicazi's motherBig-Boobied-Bertha
23.5%
Fishleg's dragonHorrorcow
20.8%
Stoick the Vast's younger brotherBaggybum the Beerbelly
19.3%
Hiccup's motherValhallarama
17.2%
Characteristics Characters % Correct
Snoutlout's friendDogsbreath
12.7%
Baggybum the Beerbelly's sonSnoutlout
12.3%
Tuffnut's dragonEaglefly
10.2%
Lackwit's masterClueless
10.2%
Marsh Tiger's masterWartihog
8.7%
Wartihog's riding dragonMarsh Tiger
6.6%
Eaglefly's masterTuffnut Jr.
4.2%
Tuffnut's friendSpeedifist
3.3%
Clueless' riding dragonDimbruiser
0.9%

You're not logged in!

Compare scores with friends on all Sporcle quizzes.
OR
Log In

Show Comments

Extras

Top Quizzes Today


Score Distribution

Your Account Isn't Verified!

In order to create a playlist on Sporcle, you need to verify the email address you used during registration. Go to your Sporcle Settings to finish the process.

Report this User

Report this user for behavior that violates our Community Guidelines.

Details: